Expuesto en un escaparate / (Record no. 195929)

MARC details
000 -LEADER
campo de control de longitud fija 01231nam a2200325 i 4500
001 - NÚMERO DE CONTROL
campo de control 195929
003 - IDENTIFICADOR DE NÚMERO DE CONTROL
campo de control ES-MaACL
005 - FECHA Y HORA DE LA ÚLTIMA TRANSACCIÓN
campo de control 20250406063110.0
008 - DATOS DE LONGITUD FIJA--INFORMACIÓN GENERAL
campo de control de longitud fija 240802b2021 sp ||||| |||| 00| 0 spa d
017 ## - NÚMERO DE COPYRIGHT O DE DEPÓSITO LEGAL
Número de copyright o de depósito legal M 14369-2017
020 ## - NÚMERO INTERNACIONAL ESTÁNDAR DEL LIBRO
Número Internacional Estándar del Libro 9788469731079
040 ## - FUENTE DE CATALOGACIÓN
Centro/agencia transcriptor ES-MaACL
100 ## - ENTRADA PRINCIPAL--NOMBRE DE PERSONA
Nombre de persona Velázquez González, Eduardo
9 (RLIN) 238515
Fechas asociadas al nombre 1949-
Término indicativo de función/relación Autor
245 ## - MENCIÓN DEL TÍTULO
Título Expuesto en un escaparate /
Mención de responsabilidad, etc. Eduardo Velázquez González ; revisión de la obra: Elena Muñoz.
250 ## - MENCION DE EDICION
Mención de edición Segunda edición: abril 2021
260 ## - PUBLICACIÓN, DISTRIBUCIÓN, ETC.
Lugar de publicación, distribución, etc. Madrid :
Nombre del editor, distribuidor, etc. Ediciones Ondina ,
Fecha de publicación, distribución, etc. 2021.
300 ## - DESCRIPCIÓN FÍSICA
Extensión 98 pág. :
Dimensiones 19 cm.
336 ## - TIPO DE CONTENIDO
Fuente rdacontent
Término de tipo de contenido Texto
337 ## - TIPO DE MEDIO
Fuente rdamedia
Nombre/término del tipo de medio sin mediación
338 ## - TIPO DE SOPORTE
Fuente rdacarrier
Nombre/término del tipo de soporte volumen
490 1# - MENCIÓN DE SERIE
Mención de serie Colección Verdemar
655 #7 - TERMINO DE INDIZACIÓN--GENERO/FORMA
Fuente del término tgfbne
9 (RLIN) 176539
Datos o término principal de género/forma Poesías
700 ## - ENTRADA AGREGADA--NOMBRE PERSONAL
Nombre de persona Muñoz, Elena
Término indicativo de función/relación Revisor
9 (RLIN) 239977
852 ## - LOCALIZACIÓN
Ubicación ES-MaACL
Sublocalización o colección R.154405
Ubicación en estantería Depósito J
Número de control de estantería N-9049
Donativo/Legado Donación: Eduardo Velázquez González
Encuadernación Encuadernación rústica
itemnumber 204958
Anotaciones manuscritas Dedicatoria autógrafa del autor
903 ## - NOMBRE PERSONAL DE DONANTE
9 238515
a Velázquez González, Eduardo,
d 1949-
e Donante
942 ## - ELEMENTOS DE ENTRADA SECUNDARIOS (KOHA)
Tipo de ítem Koha Libro impreso
Suprimir en OPAC No
Holdings
Estatus retirado Estado de pérdida Fuente del sistema de clasificación o colocación Estado de daño No para préstamo Colección Biblioteca de origen Biblioteca actual Ubicación en estantería Fecha de adquisición Fuente de adquisición Total de préstamos Signatura topográfica completa Código de barras Visto por última vez Precio de reemplazo Tipo de ítem Koha
    Clasificación decimal universal     Libros con dedicatorias Biblioteca del Ateneo de Madrid Biblioteca del Ateneo de Madrid Depósito J 04/04/2025 Donación   N-9049 101229568 04/04/2025 04/04/2025 Libro impreso